000 01864nam0a2200421 4500
001 RU\NLR\BIBL_A\012768362
005 20220608110917.0
010 _a978-5-04-121835-5
_93000
021 _aRU
_bКН-П-21-096511
_9КН-П-21-7721
035 _a(NLR Aleph) 012768362
035 _a(RuMoRGB)010949017
090 _a13084624
_c13084624
100 _a20220420d2022 u y0rusy50 ca
101 1 _arus
_ceng
102 _aRU
105 _aac||z|||010zb
181 0 _ai2
_baxxe
181 0 _ab2
_bxb2e
182 0 _an
200 1 _aФредди Меркьюри
_eиллюстрированная биография
_fМарк Блейк
_gперевод с английского А. Захарова
203 _aТекст
_bвизуальный
_cнепосредственный
210 _aМосква
_cБомбора
_cЭксмо
_d2022 [т. е. 2021]
215 _a222, [2] с.
_cил., цв. ил., портр.
_d29
225 1 _aЛегенды музыкального мира
_eиллюстрированные издания
300 _aКн. фактически изд. в 2021 г.
300 _aНа 4-й с. обл.: К 75-летию со дня рождения Фредди Меркьюри
320 _aБиблиогр.: с. 222-223
333 _a18+
600 1 _aМеркьюри
_bФ.
_gФредди
_f1946 - 1991
_xБиография
_2nlr_sh2
_3RU\NLR\AUTH\6601652688
686 1 _aЩ364.13(4Вл)6-83Меркьюри
700 1 _aБлейк
_bМ.
_gМарк
702 1 _aМеркьюри
_bФ.
_f1946-1991
_gФредди
_3RU\NLR\AUTH\779966
_4280
712 0 2 _a"Queen", рок-группа
_cВеликобритания
_3RU\NLR\AUTH\889984255
_4570
942 _cBOOK
980 _aNB